000 01626nam a2200241 a 4500
001 000012402
005 20250129182519.0
008 091112s2001 dr a 000 j spa d
020 _a9993484660
040 _aDO-SdBNP
_bspa
_cBNPHU
082 _aRD863.5
_bP925c, 2000
111 2 _aPremio Casa de Teatro
_d(2000 :
_cSanto Domingo)
_929095
245 1 0 _aCuentos premiados Casa de Teatro 2000 /
_cedición Plinio Chahín.
260 _aSanto Domingo :
_bTaller,
_c2001.
300 _a110 p. :
_bil. ;
_c21 cm.
505 0 _aPrimer premio -- "Luz de sueños" /
_rAntonio Luis Veras- Seudonimo: Azul y negro --
_tSegundo premio -- "La impecable visión de la inocencia" /
_rPedro Camilo - Seudonimo: Don Yorgos Seferis --
_tTercer premio -- "Quizás con las nubes de la tarde" /
_rJosé Acosta - Seudonimo: Tertius --
_tMenciones -- "Macho blusa" /
_rJeannette Miller - Seudonimo: Soprano --
_t"Las ñiñas que comían cerezas para espantar la muerte"/
_rPastor de Moya - Seudonimo: Ystad --
_t"Un día en la ciudad" /
_rJuan Dicent Ortiz - Seudonimo: Treviranus --
_t"Los gatos, fetiches y otras orgías malditas" /
_rRoberto ortiz - Seudonimo: El extranjero --
_t"El compromiso"/
_rBlanca Kais Barinas - Seudonimo: Flor de palma --
_t"En busca de ella" /
_rLiliana Arendar - Seudonimo: Lía Caldas --
_t"La otra versión del sueño" /
_rRoberto Sánchez - Seudonimo: Pablo Carpentier.
650 0 _aCuentos dominicanos
_9176
650 0 _aLiteratura dominicana.
_967
700 1 _aChahín, Plinio,
_d1959-
_eed.
_924881
710 2 _aCasa de Teatro (República Dominicana)
_926649
910 _aValidado. Control de calidad MFF
049 _aBNPD
999 _c12059
_d12059